Desserts from 'V' - Statistics

General Stats
  • This quiz has been taken 7 times
  • The average score is 2 of 14
Answer Stats
Picture Answer % Correct
Vanilla Cake
86%
Victoria Sponge Cake
43%
Varenyky
14%
Viennese Whirls
14%
Vlaai
14%
Vanillekipferl
0%
Varenye
0%
Vasilopita
0%
Vatrushka
0%
Verhuny
0%
Verwurelter
0%
Vetkoek
0%
Vitréais
0%
Vol au Vent
0%
No matching quizzes found
Score Distribution
Percent of People with Each Score
Percentile by Number Answered
Your Score History
You have not taken this quiz